000 00553nam a2200253 a 4500
001 nice12345678
003 IN_TiNIC
005 20260116011843.0
008 050524s1965 lona grp 000 0 eng
020 _a
_c100
082 0 0 _a289.3
_bROS
100 _aRoss, K N
245 _aMormonism
260 _aLondon
_bSpck
_c1965
300 _a8p
500 _aincludes index and biblioraphy
505 2 _aIndex
650 _aChristian-Sects
650 _aMormonism
700 1 _aRoss, K N
902 _bSRS
942 _cBK
999 _c4465
_d4465